000 00366 a2200157 4500
001 153796
040 _cEscola São Tomás de Aquino
100 _aMACHADO, Nílson José
240 1 0 _aContando com o relógio
_lpor
245 1 0 _aContando com o relógio
300 _a24
362 0 _a2003
440 1 _aScipione
697 _a*LITERATURA INFANTIL
942 _cBK
999 _c153796
_d153796